Cambridge IELTS 5 with answers: examination Papers from University of Cambridege ESOL Examination (Record no. 491115)
[ view plain ]
| 000 -LEADER | |
|---|---|
| fixed length control field | 00440nam a22001457a 4500 |
| 020 ## - INTERNATIONAL STANDARD BOOK NUMBER | |
| International Standard Book Number | 9780521677011 |
| 082 ## - DEWEY DECIMAL CLASSIFICATION NUMBER | |
| Classification number | 428.0076 JAK |
| 100 ## - MAIN ENTRY--PERSONAL NAME | |
| Personal name | Jakeman, Vanessa |
| 245 ## - TITLE STATEMENT | |
| Title | Cambridge IELTS 5 with answers: examination Papers from University of Cambridege ESOL Examination |
| 260 ## - PUBLICATION, DISTRIBUTION, ETC. | |
| Place of publication, distribution, etc. | UK |
| Name of publisher, distributor, etc. | Cambridge University Press, |
| Date of publication, distribution, etc. | 2006 |
| 300 ## - PHYSICAL DESCRIPTION | |
| Extent | 176 p. |
| Accompanying material | CD-ROM |
| 650 ## - SUBJECT ADDED ENTRY--TOPICAL TERM | |
| Topical term or geographic name entry element | Examination Papers IELTS |
| 700 ## - ADDED ENTRY--PERSONAL NAME | |
| Personal name | MCDowell, Clare |
| 942 ## - ADDED ENTRY ELEMENTS (KOHA) | |
| Koha item type | Book |
| Withdrawn status | Lost status | Damaged status | Not for loan | Collection code | Permanent Location | Current Location | Shelving location | Date acquired | Source of acquisition | Total Checkouts | Total Renewals | Full call number | Barcode | Date last seen | Date last checked out | Price effective from | Koha item type |
|---|---|---|---|---|---|---|---|---|---|---|---|---|---|---|---|---|---|
| Central Library (CL) | Central Library (CL) | General Stacks | 03/21/2018 | Donation | 15 | 12 | 428.0076 JAK | SEECSD01378 | 10/11/2025 | 08/23/2025 | 03/30/2018 | Book |
